[Event "CZE-ch 2020"]
[Site "Pilsen"]
[Date "2020.08.29"]
[Round "7.18"]
[White "Pychova, Nela"]
[Black "Freisler, Pavel"]
[Result "1/2-1/2"]
[WhiteElo "2159"]
[BlackElo "2249"]
[Annotator "ChessBase"]
[PlyCount "110"]
[EventDate "2020.08.23"]
[EventType "swiss"]
[EventCountry "CZE"]
[SourceTitle "playchess.com"]
[Source "ChessBase"]
[SourceQuality "1"]
[TimeControl "40/5400+30:1800+30"]

1. Nf3 {[%emt 0:00:00]} Nf6 {[%emt 0:00:00]} 2. g3 {[%emt 0:00:27]} d5 {[%emt 0:00:56]} 3. Bg2 {[%emt 0:00:29]} c5 {[%emt 0:06:47]} 4. O-O {[%emt 0:02:04]} Nc6 {[%emt 0:00:56]} 5. d3 {[%emt 0:00:52]} g6 {[%emt 0:01:33]} 6. Nbd2 {[%emt 0:00:11]} Bg7 {[%emt 0:00:08]} 7. e4 {[%emt 0:01:39]} O-O {[%emt 0:00:50]} 8. Re1 {[%emt 0:04:08]} e5 {[%emt 0:08:23]} 9. exd5 {[%emt 0:05:32]} Nxd5 {[%emt 0:00:08]} 10. Nc4 {[%emt 0:00:08]} f6 {[%emt 0:00:17]} 11. a4 {[%emt 0:01:54]} Be6 {[%emt 0:01:08]} 12. Bd2 {[%emt 0:09:31]} Qd7 {[%emt 0:11:07]} 13. Qc1 {[%emt 0:02:33]} Ndb4 {[%emt 0:05:37]} 14. Bxb4 {[%emt 0:18:40]} Nxb4 {[%emt 0:01:58]} 15. Re2 {[%emt 0:01:59]} Rad8 {[%emt 0:05:52]} 16. Qe3 {[%emt 0:03:07]} b6 {[%emt 0:00:32]} 17. Ne1 {[%emt 0:06:02]} Rfe8 {[%emt 0:05:22]} 18. Qc1 {[%emt 0:16:29]} h5 {[%emt 0:09:32]} 19. h4 {[%emt 0:02:45]} Kh7 {[%emt 0:00:06]} 20. Qb1 {[%emt 0:01:46]} Bd5 {[%emt 0:08:18]} 21. Ne3 {[%emt 0:04:30]} Bxg2 {[%emt 0:01:21]} 22. N3xg2 {[%emt 0:00:24]} Qc6 {[%emt 0:02:32]} 23. c3 {[%emt 0:00:55]} Nd5 {[%emt 0:00:48]} 24. Qc2 {[%emt 0:01:28]} Bh6 {[%emt 0:03:31]} 25. Qb3 {[%emt 0:03:31]} a6 {[%emt 0:05:08]} 26. Qc4 {[%emt 0:00:35]} b5 {[%emt 0:00:25]} 27. axb5 {[%emt 0:00:38]} axb5 {[%emt 0:00:02]} 28. Ra7+ {[%emt 0:00:35]} Bg7 {[%emt 0:01:54]} 29. Qb3 {[%emt 0:06:45]} Ra8 {[%emt 0:02:40]} 30. Rxa8 {[%emt 0:00:09]} Rxa8 31. c4 {[%emt 0:01:13]} Nb4 {[%emt 0:03:04]} 32. Ne3 {[%emt 0:03:17]} Ra1 {[%emt 0:00:25]} 33. Nd5 {[%emt 0:00:31]} Qd7 {[%emt 0:11:23]} 34. Kg2 {[%emt 0:01:36]} Nxd5 {[%emt 0:01:36]} 35. cxd5 {[%emt 0:00:02]} Ra4 {[%emt 0:01:07]} 36. Nc2 {[%emt 0:00:48]} Bh6 {[%emt 0:00:24]} 37. Ne3 {[%emt 0:00:42]} Rd4 {[%emt 0:00:19]} 38. Nd1 {[%emt 0:00:31]} Rxd5 {[%emt 0:01:24]} 39. Nc3 {[%emt 0:00:26]} Rxd3 {[%emt 0:00:01]} 40. Ne4 {[%emt 0:00:35]} Bg7 {[%emt 0:00:42]} 41. Qc2 {[%emt 0:08:39]} c4 {[%emt 0:00:22]} 42. f3 {[%emt 0:00:21]} Qd5 {[%emt 0:02:57]} 43. Rf2 {[%emt 0:01:58]} b4 {[%emt 0:03:02]} 44. Qa4 {[%emt 0:01:27]} b3 {[%emt 0:04:56]} 45. Qa7 {[%emt 0:02:11]} Kh6 {[%emt 0:06:51]} 46. Qc7 {[%emt 0:05:59]} Rd4 {[%emt 0:00:39]} 47. Qb6 {[%emt 0:06:35]} Qd8 {[%emt 0:02:37]} 48. Qc6 {[%emt 0:01:39]} Qd7 {[%emt 0:00:52]} 49. Qb6 {[%emt 0:00:53]} Qe7 {[%emt 0:00:40]} 50. Qc6 {[%emt 0:00:29]} f5 {[%emt 0:01:15]} 51. Ng5 {[%emt 0:01:21]} Qd7 {[%emt 0:07:35]} 52. Qa8 {[%emt 0:01:01]} Rd2 {[%emt 0:03:21]} 53. Qg8 {[%emt 0:01:18]} Rxf2+ {[%emt 0:00:05]} 54. Kxf2 {[%emt 0:00:09]} Qd2+ {[%emt 0:00:15]} 55. Kf1 {[%emt 0:00:13]} Qd1+ {[%emt 0:00:09]} 1/2-1/2

[Event "CZE-ch 2020"]
[Site "Pilsen"]
[Date "2020.08.29"]
[Round "7.19"]
[White "Nemec, Jachym"]
[Black "Gloser, David"]
[Result "0-1"]
[WhiteElo "2150"]
[BlackElo "2248"]
[Annotator "ChessBase"]
[PlyCount "80"]
[EventDate "2020.08.23"]
[EventType "swiss"]
[EventCountry "CZE"]
[SourceTitle "playchess.com"]
[Source "ChessBase"]
[SourceQuality "1"]
[TimeControl "40/5400+30:1800+30"]

1. d4 {[%emt 0:00:00]} c5 {[%emt 0:00:00]} 2. d5 {[%emt 0:00:34]} g6 {[%emt 0:00:00]} 3. Nf3 {[%emt 0:00:51]} Bg7 {[%emt 0:01:04]} 4. e4 {[%emt 0:02:59]} d6 {[%emt 0:00:32]} 5. Bd3 {[%emt 0:05:19]} Nf6 {[%emt 0:03:57]} 6. Nc3 {[%emt 0:10:10]} O-O {[%emt 0:04:45]} 7. O-O {[%emt 0:01:07]} Na6 {[%emt 0:00:43]} 8. Nd2 {[%emt 0:01:27]} Nc7 {[%emt 0:04:03]} 9. a4 {[%emt 0:04:33]} Rb8 {[%emt 0:06:38]} 10. Nc4 {[%emt 0:00:41]} b6 {[%emt 0:06:22]} 11. Re1 {[%emt 0:19:51]} a6 {[%emt 0:13:12]} 12. Bf1 {[%emt 0:06:51]} b5 {[%emt 0:09:43]} 13. Na5 {[%emt 0:00:14]} Bd7 {[%emt 0:01:21]} 14. axb5 {[%emt 0:08:25]} axb5 {[%emt 0:02:37]} 15. Bg5 {[%emt 0:02:04]} h6 {[%emt 0:10:18]} 16. Bh4 {[%emt 0:00:38]} Ra8 {[%emt 0:04:36]} 17. e5 {[%emt 0:12:05]} dxe5 {[%emt 0:01:16]} 18. Nb7 {[%emt 0:00:17]} Qc8 {[%emt 0:01:59]} 19. Nxc5 {[%emt 0:00:29]} Bg4 {[%emt 0:01:44]} 20. f3 {[%emt 0:07:09]} Rxa1 {[%emt 0:04:26]} 21. Qxa1 {[%emt 0:00:05]} Ncxd5 {[%emt 0:03:43]} 22. Bf2 {[%emt 0:02:02]} Nxc3 {[%emt 0:03:29]} 23. bxc3 {[%emt 0:00:02]} Bd7 {[%emt 0:01:55]} 24. Qa7 {[%emt 0:01:45]} Bc6 {[%emt 0:01:59]} 25. Qa5 {[%emt 0:02:23]} Qa8 {[%emt 0:02:09]} 26. Qb4 {[%emt 0:01:11]} Nd5 {[%emt 0:01:11]} 27. Qb3 {[%emt 0:00:14]} Rb8 {[%emt 0:01:37]} 28. Nd3 {[%emt 0:00:27]} e4 {[%emt 0:01:57]} 29. Rxe4 {[%emt 0:00:50]} Bxc3 {[%emt 0:00:46]} 30. Nf4 {[%emt 0:02:47]} Bf6 {[%emt 0:01:29]} 31. Nd3 {[%emt 0:01:27]} Nc3 {[%emt 0:00:16]} 32. Rf4 {[%emt 0:00:59]} Qa1 {[%emt 0:01:18]} 33. Ne1 {[%emt 0:01:28]} Bd5 {[%emt 0:02:04]} 34. Qb4 {[%emt 0:00:17]} Qa4 {[%emt 0:00:17]} 35. Bc5 {[%emt 0:02:06]} Qxb4 {[%emt 0:01:07]} 36. Rxb4 {[%emt 0:01:25]} Rc8 {[%emt 0:01:03]} 37. Bf2 {[%emt 0:00:31]} Bc4 {[%emt 0:00:58]} 38. Nd3 {[%emt 0:00:10]} Na2 {[%emt 0:00:49]} 39. Rb1 {[%emt 0:00:08]} Nc3 {[%emt 0:00:03]} 40. Rb4 {[%emt 0:00:11]} Ra8 {[%emt 0:01:14]} 0-1

[Event "CZE-ch 2020"]
[Site "Pilsen"]
[Date "2020.08.29"]
[Round "7.20"]
[White "Smolik, Jachym"]
[Black "Novotny, Michal"]
[Result "0-1"]
[WhiteElo "2121"]
[BlackElo "2246"]
[Annotator "ChessBase"]
[PlyCount "81"]
[EventDate "2020.08.23"]
[EventType "swiss"]
[EventCountry "CZE"]
[SourceTitle "playchess.com"]
[Source "ChessBase"]
[SourceQuality "1"]
[TimeControl "40/5400+30:1800+30"]

1. d4 Nf6 {[%emt 0:01:47]} 2. Nf3 {[%emt 0:03:00]} c5 {[%emt 0:00:20]} 3. d5 {[%emt 0:00:03]} b5 {[%emt 0:00:03]} 4. Bg5 {[%emt 0:00:07]} Bb7 {[%emt 0:00:01]} 5. Bxf6 {[%emt 0:01:02]} exf6 {[%emt 0:00:32]} 6. e3 {[%emt 0:05:28]} c4 {[%emt 0:01:10]} 7. Be2 {[%emt 0:04:10]} Bc5 {[%emt 0:00:02]} 8. O-O {[%emt 0:01:42]} O-O {[%emt 0:00:08]} 9. e4 {[%emt 0:17:04]} Re8 {[%emt 0:05:18]} 10. Nc3 {[%emt 0:07:10]} a6 {[%emt 0:02:13]} 11. Nd4 {[%emt 0:06:32]} Qb6 {[%emt 0:05:29]} 12. Nf5 {[%emt 0:00:04]} g6 {[%emt 0:00:09]} 13. Ng3 {[%emt 0:00:03]} Bf8 {[%emt 0:01:35]} 14. a4 {[%emt 0:02:42]} d6 {[%emt 0:03:25]} 15. axb5 {[%emt 0:03:45]} axb5 {[%emt 0:00:04]} 16. Rxa8 {[%emt 0:00:02]} Bxa8 {[%emt 0:00:06]} 17. Qd2 {[%emt 0:07:37]} Nd7 {[%emt 0:00:31]} 18. Qf4 {[%emt 0:07:37]} Bg7 {[%emt 0:03:00]} 19. Nd1 {[%emt 0:05:09]} f5 {[%emt 0:09:02]} 20. exf5 {[%emt 0:04:54]} Bxd5 {[%emt 0:01:03]} 21. Qd2 {[%emt 0:04:34]} Qc5 {[%emt 0:05:12]} 22. c3 {[%emt 0:04:35]} Bc6 {[%emt 0:01:37]} 23. Kh1 {[%emt 0:01:11]} d5 {[%emt 0:02:12]} 24. f3 {[%emt 0:09:21]} d4 {[%emt 0:03:04]} 25. Ne4 {[%emt 0:02:13]} Bxe4 {[%emt 0:02:20]} 26. fxe4 {[%emt 0:00:01]} Rxe4 {[%emt 0:00:52]} 27. fxg6 {[%emt 0:00:30]} hxg6 {[%emt 0:00:03]} 28. Bf3 {[%emt 0:00:31]} Re7 {[%emt 0:00:57]} 29. Nf2 {[%emt 0:00:28]} Ne5 {[%emt 0:19:30]} 30. Ne4 {[%emt 0:00:51]} Nxf3 {[%emt 0:00:25]} 31. gxf3 {[%emt 0:00:28]} Qf5 {[%emt 0:02:22]} 32. Rf2 {[%emt 0:01:36]} d3 {[%emt 0:00:38]} 33. Qe3 {[%emt 0:01:01]} Qe5 {[%emt 0:06:14]} 34. Qb6 {[%emt 0:00:51]} f5 {[%emt 0:00:44]} 35. Ng5 {[%emt 0:00:34]} Qe3 {[%emt 0:06:59]} 36. Qxg6 {[%emt 0:00:31]} Qf4 {[%emt 0:05:29]} 37. Kg2 {[%emt 0:00:25]} d2 {[%emt 0:00:18]} 38. Qh7+ {[%emt 0:00:34]} Kf8 {[%emt 0:00:01]} 39. Nh3 {[%emt 0:00:31]} Qd6 {[%emt 0:03:34]} 40. Qxf5+ {[%emt 0:00:10]} Kg8 {[%emt 0:00:18]} 41. Rxd2 {[%emt 0:03:16]} 0-1

[Event "CZE-ch 2020"]
[Site "Pilsen"]
[Date "2020.08.29"]
[Round "7.21"]
[White "Jun, Rudolf"]
[Black "Kusa, Jakub"]
[Result "1/2-1/2"]
[WhiteElo "2094"]
[BlackElo "2239"]
[Annotator "ChessBase"]
[PlyCount "108"]
[EventDate "2020.08.23"]
[EventType "swiss"]
[EventCountry "CZE"]
[SourceTitle "playchess.com"]
[Source "ChessBase"]
[SourceQuality "1"]
[TimeControl "40/5400+30:1800+30"]

1. e4 {[%emt 0:00:00]} c6 {[%emt 0:00:00]} 2. d4 {[%emt 0:01:20]} d5 {[%emt 0:00:00]} 3. exd5 {[%emt 0:00:54]} cxd5 {[%emt 0:00:00]} 4. c4 {[%emt 0:01:07]} Nf6 {[%emt 0:00:01]} 5. Nc3 {[%emt 0:00:28]} Nc6 {[%emt 0:00:12]} 6. Bg5 {[%emt 0:04:16]} Be6 {[%emt 0:00:53]} 7. Nf3 {[%emt 0:04:44]} g6 {[%emt 0:03:04]} 8. Qb3 {[%emt 0:10:29]} Na5 {[%emt 0:16:31]} 9. Qa4+ {[%emt 0:04:06]} Bd7 {[%emt 0:02:15]} 10. Qb4 {[%emt 0:07:14]} dxc4 {[%emt 0:08:29]} 11. Bxc4 {[%emt 0:06:32]} e6 {[%emt 0:06:17]} 12. Bxf6 {[%emt 0:00:13]} Bxb4 {[%emt 0:00:10]} 13. Bxd8 {[%emt 0:00:13]} Rxd8 {[%emt 0:05:00]} 14. Be2 {[%emt 0:00:20]} Rc8 {[%emt 0:01:30]} 15. Rc1 {[%emt 0:05:35]} Nc4 {[%emt 0:04:44]} 16. O-O {[%emt 0:06:33]} Ke7 {[%emt 0:11:19]} 17. Bxc4 {[%emt 0:10:17]} Rxc4 {[%emt 0:00:22]} 18. Rfd1 {[%emt 0:00:33]} f6 {[%emt 0:07:52]} 19. d5 {[%emt 0:04:52]} Rhc8 {[%emt 0:01:00]} 20. dxe6 {[%emt 0:00:53]} Bxe6 {[%emt 0:02:35]} 21. Rd3 {[%emt 0:04:13]} Kf7 {[%emt 0:02:53]} 22. Re3 {[%emt 0:00:37]} Bxc3 {[%emt 0:02:52]} 23. bxc3 {[%emt 0:00:18]} Bd5 {[%emt 0:00:56]} 24. Rd1 {[%emt 0:01:46]} Bxf3 {[%emt 0:03:44]} 25. Rd7+ {[%emt 0:00:38]} Kg8 {[%emt 0:02:02]} 26. gxf3 {[%emt 0:01:20]} R4c7 {[%emt 0:01:21]} 27. Re8+ {[%emt 0:02:47]} Rxe8 {[%emt 0:00:06]} 28. Rxc7 {[%emt 0:00:08]} Re1+ {[%emt 0:00:30]} 29. Kg2 {[%emt 0:00:07]} Rb1 {[%emt 0:00:31]} 30. c4 {[%emt 0:00:22]} a5 {[%emt 0:01:12]} 31. c5 {[%emt 0:01:39]} Rb2 {[%emt 0:01:17]} 32. Kg3 {[%emt 0:03:47]} a4 {[%emt 0:00:33]} 33. Rc8+ {[%emt 0:03:54]} Kg7 {[%emt 0:00:17]} 34. Ra8 {[%emt 0:03:09]} Rb4 {[%emt 0:02:50]} 35. a3 {[%emt 0:03:05]} Rb5 {[%emt 0:01:48]} 36. Rxa4 {[%emt 0:00:40]} Rxc5 {[%emt 0:00:07]} 37. Ra7 {[%emt 0:00:28]} Rg5+ {[%emt 0:00:23]} 38. Kf4 {[%emt 0:00:29]} Rb5 {[%emt 0:00:10]} 39. a4 {[%emt 0:00:18]} Rb4+ {[%emt 0:00:43]} 40. Kg3 {[%emt 0:00:05]} Kh6 {[%emt 0:00:34]} 41. a5 {[%emt 0:30:06]} Kg5 {[%emt 0:31:02]} 42. a6 {[%emt 0:00:20]} bxa6 {[%emt 0:00:17]} 43. Rxa6 {[%emt 0:00:05]} h5 {[%emt 0:00:43]} 44. Ra3 {[%emt 0:01:23]} f5 {[%emt 0:00:24]} 45. Kg2 {[%emt 0:00:08]} h4 {[%emt 0:00:50]} 46. h3 {[%emt 0:00:04]} Kf4 {[%emt 0:00:23]} 47. Ra6 {[%emt 0:00:25]} g5 {[%emt 0:00:39]} 48. Ra8 {[%emt 0:00:15]} Rd4 {[%emt 0:00:26]} 49. Rb8 {[%emt 0:00:43]} Rd3 {[%emt 0:01:21]} 50. Rb4+ {[%emt 0:00:21]} Ke5 {[%emt 0:00:10]} 51. Rb5+ {[%emt 0:00:05]} Rd5 {[%emt 0:00:35]} 52. Rb8 {[%emt 0:00:12]} Ra5 {[%emt 0:00:32]} 53. Rg8 {[%emt 0:00:14]} Kf4 {[%emt 0:00:09]} 54. Rb8 {[%emt 0:00:05]} Ra4 1/2-1/2

[Event "CZE-ch 2020"]
[Site "Pilsen"]
[Date "2020.08.29"]
[Round "7.22"]
[White "Vorisek, Jakub"]
[Black "Paseka, Matyas"]
[Result "1/2-1/2"]
[WhiteElo "2205"]
[BlackElo "1959"]
[Annotator "NA"]
[PlyCount "67"]
[EventDate "2020.08.23"]
[EventType "swiss"]
[EventCountry "CZE"]
[SourceTitle "playchess.com"]
[Source "ChessBase"]
[SourceQuality "1"]
[TimeControl "40/5400+30:1800+30"]

1. e4 {[%emt 0:00:00]} c5 {[%emt 0:00:00]} 2. Nf3 {[%emt 0:00:00]} Nc6 {[%emt 0:00:00]} 3. d4 {[%emt 0:00:40]} cxd4 {[%emt 0:00:00]} 4. Nxd4 {[%emt 0:00:00]} e5 {[%emt 0:00:00]} 5. Nb5 {[%emt 0:00:05]} d6 {[%emt 0:00:08]} 6. c4 {[%emt 0:00:22]} Be7 {[%emt 0:00:29]} 7. N1c3 {[%emt 0:00:39]} a6 {[%emt 0:00:09]} 8. Na3 {[%emt 0:00:18]} f5 {[%emt 0:00:11]} 9. exf5 {[%emt 0:00:28]} Bxf5 {[%emt 0:00:12]} 10. Nc2 {[%emt 0:00:32]} Nf6 {[%emt 0:00:45]} 11. Ne3 {[%emt 0:00:16]} Be6 {[%emt 0:00:09]} 12. g3 {[%emt 0:00:16]} O-O {[%emt 0:09:08]} 13. Bg2 {[%emt 0:00:25]} Qd7 {[%emt 0:01:45]} 14. O-O {[%emt 0:04:53]} Rac8 {[%emt 0:03:40]} 15. b3 {[%emt 0:13:01]} b5 {[%emt 0:05:21]} 16. Ncd5 $14 {[%emt 0:13:12]} Bd8 {[%emt 0:01:20]} 17. Bb2 {[%emt 0:09:29]} Ne7 {[%emt 0:22:54]} 18. cxb5 {[%emt 0:24:27]} axb5 {[%emt 0:01:15]} 19. Nxe7+ {[%emt 0:00:58]} Bxe7 {[%emt 0:01:07]} 20. a4 {[%emt 0:00:16]} bxa4 {[%emt 0:06:02]} 21. bxa4 {[%emt 0:00:56]} Rb8 {[%emt 0:00:25]} 22. Qd2 {[%emt 0:04:19]} Bh3 {[%emt 0:03:44]} 23. Bxh3 {[%emt 0:03:56]} Qxh3 {[%emt 0:01:20]} 24. a5 {[%emt 0:03:00]} Kh8 {[%emt 0:05:15]} 25. a6 {[%emt 0:05:39]} Ne4 {[%emt 0:03:57]} 26. Qd5 {[%emt 0:01:05]} Ng5 {[%emt 0:01:04]} 27. a7 {[%emt 0:01:21]} e4 {[%emt 0:01:14]} 28. Qxg5 {[%emt 0:08:55]} Bxg5 {[%emt 0:00:08]} 29. axb8=Q Rxb8 {[%emt 0:00:20]} 30. Ra7 {[%emt 0:00:29]} Bh6 {[%emt 0:04:56]} 31. Rc1 {[%emt 0:01:49]} Kg8 {[%emt 0:06:30]} 32. Rcc7 {[%emt 0:00:21]} Rc8 {[%emt 0:11:02]} 33. Re7 {[%emt 0:00:36]} Kh8 {[%emt 0:03:45]} 34. Rxe4 {[%emt 0:00:30]} 1/2-1/2

[Event "CZE-ch 2020"]
[Site "Pilsen"]
[Date "2020.08.29"]
[Round "7.23"]
[White "Bartos, Jan"]
[Black "Simek, Petr"]
[Result "1/2-1/2"]
[WhiteElo "2131"]
[BlackElo "2324"]
[Annotator "NA"]
[PlyCount "62"]
[EventDate "2020.08.23"]
[EventType "swiss"]
[EventCountry "CZE"]
[SourceTitle "playchess.com"]
[Source "ChessBase"]
[SourceQuality "1"]
[TimeControl "40/5400+30:1800+30"]

1. d4 {[%emt 0:00:00]} Nf6 {[%emt 0:00:00]} 2. Nf3 {[%emt 0:00:00]} d5 {[%emt 0:00:00]} 3. g3 {[%emt 0:00:00]} c5 {[%emt 0:04:50]} 4. Bg2 {[%emt 0:00:13]} cxd4 {[%emt 0:00:06]} 5. O-O {[%emt 0:00:12]} h6 {[%emt 0:00:31]} 6. b3 {[%emt 0:00:45] D02: 1 d4 d5 2 Nf3 sidelines, including 2...Nf6 3 g3 and 2...Nf6 3 Bf4.} Nc6 {[%emt 0:03:21]} 7. Nxd4 {[%emt 0:00:15]} e5 {[%emt 0:02:49]} 8. Nxc6 {[%emt 0:00:07]} bxc6 {[%emt 0:00:04]} 9. c4 {[%emt 0:01:24]} Bb7 {[%emt 0:00:25]} 10. cxd5 {[%emt 0:00:33]} cxd5 {[%emt 0:00:05]} 11. Bb2 {[%emt 0:00:49] [#]} Bd6 $146 {[%emt 0:06:10]} ({Predecessor:} 11... Qc7 12. Na3 a6 13. Rc1 Qb8 14. b4 Be7 15. Qa4+ Nd7 16. Bh3 Bc8 17. Bxe5 Bd6 18. Rxc8+ Qxc8 19. Bxd6 Kd8 20. Qa5+ Ke8 21. Qxd5 h5 22. Qe4+ {1-0 (22) Fising,R (1629)-Horstmann,A (1710) Germany 2005}) 12. Nc3 {[%emt 0:01:41]} e4 {[%emt 0:01:13]} 13. Nb5 {[%emt 0:04:31]} Be7 {[%emt 0:00:37]} 14. Rc1 {[%emt 0:03:05]} O-O {[%emt 0:01:27]} 15. Qd2 {[%emt 0:00:36]} a6 {[%emt 0:05:36]} 16. Nd4 {[%emt 0:01:20]} Qd7 {[%emt 0:00:16]} 17. Qf4 {[%emt 0:02:39]} Bd6 {[%emt 0:03:54]} 18. Qh4 {[%emt 0:12:00]} Bc8 {[%emt 0:09:11] [#]} 19. Nc6 $1 {[%emt 0:01:36]} Qe6 {[%emt 0:02:48]} 20. Bxf6 {[%emt 0:04:55]} Qxf6 $16 {[%emt 0:00:20]} 21. Qxf6 {[%emt 0:00:10]} gxf6 {[%emt 0:00:04]} 22. Rfd1 {[%emt 0:00:32]} Be6 {[%emt 0:03:33]} 23. Rc2 {[%emt 0:02:47]} f5 {[%emt 0:26:12]} 24. f4 {[%emt 0:07:02]} Kg7 {[%emt 0:05:11]} 25. Nd4 {[%emt 0:04:20]} Rfc8 {[%emt 0:04:20]} 26. Rdc1 {[%emt 0:01:07]} Kf6 {[%emt 0:01:14]} 27. e3 {[%emt 0:03:37]} Ba3 {[%emt 0:04:44]} 28. Rxc8 {[%emt 0:00:17]} Rxc8 {[%emt 0:00:03]} 29. Rxc8 {[%emt 0:00:05]} Bxc8 {[%emt 0:00:03]} 30. Kf2 {[%emt 0:02:16]} Bc5 {[%emt 0:08:08]} 31. Nc2 {[%emt 0:00:40]} a5 {[%emt 0:00:41]} 1/2-1/2

[Event "CZE-ch 2020"]
[Site "Pilsen"]
[Date "2020.08.29"]
[Round "7.24"]
[White "Folk, Petr"]
[Black "Stinka, Jakub"]
[Result "1-0"]
[WhiteElo "2122"]
[BlackElo "2299"]
[Annotator "NA"]
[PlyCount "61"]
[EventDate "2020.08.23"]
[EventType "swiss"]
[EventCountry "CZE"]
[SourceTitle "playchess.com"]
[Source "ChessBase"]
[SourceQuality "1"]
[TimeControl "40/5400+30:1800+30"]

1. e4 {[%emt 0:00:00]} e6 {[%emt 0:07:59]} 2. d4 {[%emt 0:00:00]} d5 {[%emt 0:00:10]} 3. Nc3 {[%emt 0:00:00]} Bb4 {[%emt 0:00:06]} 4. e5 {[%emt 0:00:03]} c5 {[%emt 0:00:10]} 5. a3 {[%emt 0:00:08]} Bxc3+ {[%emt 0:03:18]} 6. bxc3 {[%emt 0:00:05]} Ne7 {[%emt 0:00:41]} 7. h4 {[%emt 0:00:23]} Qc7 {[%emt 0:07:04]} 8. Nf3 {[%emt 0:01:39]} b6 {[%emt 0:03:29]} 9. h5 {[%emt 0:02:47]} h6 $1 {[%emt 0:00:48]} 10. Bb5+ {[%emt 0:02:51]} Kf8 {[%emt 0:07:34]} 11. a4 {[%emt 0:07:55]} Nbc6 {[%emt 0:05:50]} 12. Rh4 $11 {[%emt 0:10:49]} Na5 {[%emt 0:04:23]} 13. Bd3 {[%emt 0:05:33]} Bd7 {[%emt 0:02:35]} 14. Rf4 {[%emt 0:05:03]} Kg8 {[%emt 0:01:56]} 15. Kf1 {[%emt 0:03:01]} Rc8 {[%emt 0:03:12]} 16. Nh4 {[%emt 0:05:15]} Nf5 {[%emt 0:18:01]} 17. Qf3 {[%emt 0:15:08]} cxd4 {[%emt 0:05:02]} 18. Nxf5 {[%emt 0:01:28]} exf5 {[%emt 0:00:02]} 19. cxd4 {[%emt 0:00:25]} Be6 {[%emt 0:01:59]} 20. Kg1 {[%emt 0:08:39]} Qc3 {[%emt 0:03:56]} 21. Rb1 {[%emt 0:00:28]} Nc4 {[%emt 0:01:28]} 22. Kh2 {[%emt 0:06:31]} Rc7 {[%emt 0:04:57]} 23. Be3 {[%emt 0:02:28]} Nd2 {[%emt 0:02:37]} 24. Bxd2 {[%emt 0:00:27]} Qxd2 {[%emt 0:00:01]} 25. Rb5 {[%emt 0:05:43]} Rc3 {[%emt 0:04:53]} 26. a5 {[%emt 0:02:16]} bxa5 {[%emt 0:01:03]} 27. Rxf5 {[%emt 0:01:03]} Rxd3 {[%emt 0:06:26]} 28. cxd3 {[%emt 0:00:07]} a4 {[%emt 0:00:27]} 29. Rb7 {[%emt 0:00:40]} Kh7 {[%emt 0:01:10]} 30. Rfxf7 {[%emt 0:00:55]} Bxf7 {[%emt 0:00:52]} 31. Qf5+ {[%emt 0:00:39]} 1-0

[Event "CZE-ch 2020"]
[Site "Pilsen"]
[Date "2020.08.29"]
[Round "7.25"]
[White "Vorisek, Jaroslav"]
[Black "Simet, Martin"]
[Result "1-0"]
[WhiteElo "2279"]
[BlackElo "2194"]
[Annotator "NA"]
[PlyCount "97"]
[EventDate "2020.08.23"]
[EventType "swiss"]
[EventCountry "CZE"]
[SourceTitle "playchess.com"]
[Source "ChessBase"]
[SourceQuality "1"]
[TimeControl "40/5400+30:1800+30"]

1. d4 {[%emt 0:00:00]} d6 {[%emt 0:00:13]} 2. e4 {[%emt 0:02:08]} Nf6 {[%emt 0:00:07]} 3. Nc3 {[%emt 0:00:32]} e5 {[%emt 0:00:22]} 4. dxe5 {[%emt 0:01:32]} dxe5 {[%emt 0:00:06]} 5. Qxd8+ {[%emt 0:00:11]} Kxd8 {[%emt 0:00:03]} 6. Bg5 {[%emt 0:00:50]} Bd6 {[%emt 0:02:41]} 7. O-O-O {[%emt 0:00:55]} a6 {[%emt 0:04:38]} 8. f4 {[%emt 0:06:28]} Nbd7 {[%emt 0:01:23]} 9. Nf3 $14 {[%emt 0:11:15]} Ke8 {[%emt 0:02:16]} 10. Bxf6 {[%emt 0:22:30]} gxf6 {[%emt 0:00:20]} 11. fxe5 {[%emt 0:00:29]} Nxe5 {[%emt 0:05:54]} 12. Nd5 {[%emt 0:06:43]} Ng4 {[%emt 0:02:01]} 13. Nxf6+ {[%emt 0:10:55]} Nxf6 {[%emt 0:04:12]} 14. e5 {[%emt 0:00:27]} Be7 {[%emt 0:01:06]} 15. exf6 {[%emt 0:00:47]} Bxf6 {[%emt 0:00:08]} 16. Bc4 {[%emt 0:03:07]} Rg8 {[%emt 0:01:21]} 17. g3 {[%emt 0:07:05]} Kf8 {[%emt 0:04:40]} 18. Rhf1 {[%emt 0:01:28]} Rg4 {[%emt 0:01:26]} 19. Bb3 {[%emt 0:09:07]} Kg7 {[%emt 0:07:00]} 20. Rde1 {[%emt 0:02:58]} a5 {[%emt 0:02:53]} 21. Ne5 {[%emt 0:01:59]} Rb4 {[%emt 0:00:24]} 22. Nd3 {[%emt 0:06:31]} Rb6 {[%emt 0:01:53]} 23. a4 {[%emt 0:01:05]} Bh3 {[%emt 0:09:36]} 24. Rf2 {[%emt 0:00:19]} Rd8 {[%emt 0:00:07]} 25. Nf4 {[%emt 0:00:57]} Bg5 {[%emt 0:00:25]} 26. Kb1 {[%emt 0:00:21]} Bxf4 {[%emt 0:00:05]} 27. Rxf4 {[%emt 0:00:02]} Be6 {[%emt 0:00:07]} 28. Bxe6 {[%emt 0:01:46]} Rxe6 {[%emt 0:00:02]} 29. Rxe6 {[%emt 0:00:34]} Rd1+ 30. Ka2 fxe6 {[%emt 0:01:32]} 31. Rf2 {[%emt 0:00:46]} e5 {[%emt 0:01:47]} 32. Kb3 {[%emt 0:00:07]} Kg6 {[%emt 0:00:13]} 33. Kc3 {[%emt 0:00:52]} Kg5 {[%emt 0:02:26]} 34. Rf7 {[%emt 0:01:01]} Kg4 {[%emt 0:02:22]} 35. Re7 {[%emt 0:00:51]} Rd5 {[%emt 0:00:38]} 36. Rxc7 {[%emt 0:00:35]} Kf3 {[%emt 0:00:38]} 37. Rf7+ {[%emt 0:00:25]} Ke3 {[%emt 0:00:05]} 38. Rxh7 {[%emt 0:00:37]} Rc5+ {[%emt 0:00:05]} 39. Kb3 {[%emt 0:00:03]} e4 {[%emt 0:00:10]} 40. h4 {[%emt 0:01:09]} Kf2 {[%emt 0:00:17]} 41. g4 {[%emt 0:05:35]} Re5 {[%emt 0:02:26]} 42. g5 {[%emt 0:02:21]} e3 {[%emt 0:01:23]} 43. Rf7+ {[%emt 0:00:09]} Kg3 {[%emt 0:00:09]} 44. g6 {[%emt 0:00:08]} Kxh4 {[%emt 0:01:10]} 45. g7 {[%emt 0:02:49]} Rg5 {[%emt 0:00:04]} 46. Re7 {[%emt 0:00:42]} e2 {[%emt 0:00:36]} 47. Rxe2 {[%emt 0:05:22]} Rxg7 {[%emt 0:00:03]} 48. Re5 {[%emt 0:00:35]} b6 {[%emt 0:00:15]} 49. c3 {[%emt 0:00:31]} 1-0